[Event "Lueneburg op-A"]
[Site "Lueneburg"]
[Date "2017.07.14"]
[Round "7"]
[White "Bokelmann, Joachim"]
[Black "Roser, Ludwig"]
[Result "1/2-1/2"]
[WhiteElo "1968"]
[BlackElo "1816"]
[PlyCount "70"]
[EventDate "2017.07.08"]
[EventType "swiss"]
[EventRounds "9"]
[EventCountry "GER"]
[SourceTitle "CBM 179 Extra"]
[Source "ChessBase"]
[SourceDate "2017.08.23"]
[SourceVersion "1"]
[SourceVersionDate "2017.08.23"]
[SourceQuality "1"]

1. d4 d6 2. Nf3 Nf6 3. Bf4 Nh5 4. Be3 Nd7 5. c4 e5 6. Nc3 Nhf6 7. h3 c6 8. Qc2 Qc7 9. g3 Be7 10. Bg2 0-0 11. 0-0 Re8 12. Rac1 Bf8 13. Rfd1 h6 14. b4 g6 15. b5 Nb6 16. Qb3 Be6 17. d5 Bd7 18. Nd2 c5 19. a4 Nc8 20. Ra1 Qd8 21. a5 Ne7 22. g4 Kh7 23. Nce4 Neg8 24. a6 b6 25. Qd3 Qe7 26. Ng3 Bg7 27. Ra3 Rf8 28. f4 Rae8 29. f5 e4 30. fxg6+ fxg6 31. Ngxe4 Bxg4 32. Nxf6+ Nxf6 33. Nf3 Bf5 34. Qd2 Ne4 35. Qe1 Bb2 1/2-1/2

[Event "WchT Seniors 50"]
[Site "Radebeul"]
[Date "2016.07.02"]
[Round "7.21"]
[White "Roser, Ludwig"]
[Black "Beuger, Ronald"]
[Result "1/2-1/2"]
[WhiteElo "1799"]
[BlackElo "1776"]
[PlyCount "42"]
[EventDate "2016.06.26"]
[EventType "team-swiss"]
[EventRounds "9"]
[EventCountry "GER"]
[SourceTitle "CBM 173 Extra"]
[Source "ChessBase"]
[SourceDate "2016.08.29"]
[SourceVersion "1"]
[SourceVersionDate "2016.08.29"]
[SourceQuality "1"]
[WhiteTeam "Heidenau"]
[BlackTeam "Markkleeberg"]
[WhiteTeamCountry "GER"]
[BlackTeamCountry "GER"]

1. d4 Nf6 2. Nf3 e6 3. e3 c5 4. Bd3 d5 5. c3 Nc6 6. Nbd2 Be7 7. 0-0 0-0 8. dxc5 e5 9. e4 Bxc5 10. b4 Bd6 11. b5 Ne7 12. Re1 Qc7 13. Bb2 Ng6 14. exd5 Nxd5 15. Ne4 Ndf4 16. Bf1 Rd8 17. Nxd6 Rxd6 18. Qc2 f6 19. Ba3 Rd8 20. c4 Bd7 21. c5 Kh8 1/2-1/2

[Event "Reykjavik op"]
[Site "Reykjavik"]
[Date "2015.03.13"]
[Round "5"]
[White "Bjerke, Richard"]
[Black "Roser, Ludwig"]
[Result "1-0"]
[WhiteElo "2180"]
[BlackElo "1802"]
[PlyCount "85"]
[EventDate "2015.03.10"]
[EventType "swiss"]
[EventRounds "10"]
[EventCountry "ISL"]
[SourceTitle "CBM 165 Extra"]
[Source "ChessBase"]
[SourceDate "2015.04.21"]
[SourceVersion "1"]
[SourceVersionDate "2015.04.21"]
[SourceQuality "1"]

1. e4 d6 2. d4 Nf6 3. Nc3 e5 4. Nf3 Nbd7 5. Bc4 Be7 6. 0-0 0-0 7. a4 exd4 8. Nxd4 Nc5 9. Re1 a5 10. h3 Re8 11. f4 Bf8 12. e5 d5 13. Ba2 Nfe4 14. Nxe4 Nxe4 15. Be3 c6 16. Nf3 Be7 17. Qe2 Ng3 18. Qd1 Ne4 19. c4 Bb4 20. Re2 Ng3 21. Rf2 Ne4 22. Rc2 dxc4 23. Bxc4 Qe7 24. Qd3 Ng3 25. Qb3 Bf5 26. Rf2 Be6 27. Bxe6 Qxe6 28. Qxe6 fxe6 29. Bb6 Ra6 30. Kh2 Rxb6 31. Kxg3 Rd8 32. Rff1 Be7 33. Rad1 Rxd1 34. Rxd1 Rxb2 35. Rd7 Kf8 36. Nd4 Kf7 37. Kf3 Ke8 38. Rc7 Kf7 39. f5 g6 40. f6 Rb4 41. Rxe7+ Kg8 42. Nxe6 Rb5 43. f7+ 1-0

[Event "Reykjavik op"]
[Site "Reykjavik"]
[Date "2015.03.11"]
[Round "2"]
[White "Prieto, Alberto"]
[Black "Roser, Ludwig"]
[Result "1-0"]
[WhiteElo "2045"]
[BlackElo "1802"]
[PlyCount "87"]
[EventDate "2015.03.10"]
[EventType "swiss"]
[EventRounds "10"]
[EventCountry "ISL"]
[SourceTitle "CBM 165 Extra"]
[Source "ChessBase"]
[SourceDate "2015.04.21"]
[SourceVersion "1"]
[SourceVersionDate "2015.04.21"]
[SourceQuality "1"]

1. f4 d5 2. Nf3 g6 3. g3 Bg7 4. Bg2 Nf6 5. d3 b6 6. 0-0 0-0 7. Nc3 Bb7 8. Qe1 d4 9. Nb5 c5 10. c4 a6 11. Na3 Nbd7 12. b4 Rb8 13. Rb1 Qc7 14. Bd2 Qd6 15. Nc2 e6 16. h3 Nh5 17. Qf2 Ba8 18. Rb3 Bc6 19. Ra3 Ra8 20. Ng5 Bxg2 21. Qxg2 Nhf6 22. g4 h6 23. Ne4 Nxe4 24. dxe4 cxb4 25. e5 Qc7 26. Bxb4 Rfc8 27. Rd3 Qxc4 28. Rxd4 Qxc2 29. Rxd7 Qc6 30. Rd8+ Qe8 31. Rxe8+ Rxe8 32. Rc1 f6 33. Bd6 fxe5 34. fxe5 Rac8 35. Rxc8 Rxc8 36. Qb7 Rc1+ 37. Kf2 Rc2 38. Qd7 Kh8 39. Qxe6 a5 40. a4 Rc3 41. Be7 Rxh3 42. Bf6 Rh2+ 43. Kg3 Rxe2 44. Qe8+ 1-0

[Event "Gibraltar Masters 12th"]
[Site "Caleta"]
[Date "2014.02.04"]
[Round "8"]
[White "Roser, Ludwig"]
[Black "Edakina, Anastasia"]
[Result "1-0"]
[WhiteElo "1882"]
[BlackElo "1756"]
[PlyCount "119"]
[EventDate "2014.01.28"]
[EventType "swiss"]
[EventRounds "10"]
[EventCountry "GGB"]
[SourceTitle "CBM 159"]
[Source "ChessBase"]
[SourceDate "2014.03.17"]
[SourceVersion "1"]
[SourceVersionDate "2014.03.17"]
[SourceQuality "1"]

1. d4 d5 2. Nf3 Nf6 3. e3 e6 4. Bd3 c5 5. c3 Nc6 6. Nbd2 c4 7. Bc2 Bd6 8. e4 Be7 9. e5 Nd7 10. 0-0 0-0 11. Re1 Re8 12. Nf1 f6 13. exf6 Bxf6 14. Bf4 Nf8 15. Qd2 Ne7 16. Ne5 Bxe5 17. Bxe5 Neg6 18. Bg3 Re7 19. Qg5 Qe8 20. Bd6 Rd7 21. Qg3 Qf7 22. Ba4 Qf6 23. Bxd7 Bxd7 24. Be5 Nxe5 25. Qxe5 Ng6 26. Qxf6 gxf6 27. Rad1 Nf4 28. Re3 Kf7 29. g3 Rg8 30. Rf3 Nh3+ 31. Kh1 Ng5 32. Re3 Ne4 33. Kg1 Ke7 34. Nd2 Nxd2 35. Rxd2 Kd6 36. Rde2 Re8 37. Rf3 Rf8 38. Rf4 Be8 39. Rh4 Bg6 40. Re3 e5 41. f3 Re8 42. Kf2 Re7 43. g4 Rg7 44. Rh3 exd4 45. cxd4 b5 46. Ra3 Rc7 47. Ra6+ Ke7 48. a3 Rb7 49. f4 f5 50. Re3+ Kd7 51. g5 b4 52. axb4 Rxb4 53. Rxa7+ Kc6 54. Re6+ Kb5 55. Rb7+ Ka5 56. Rxb4 Kxb4 57. Rb6+ Ka4 58. Ke3 Ka5 59. Rb7 Ka6 60. Rd7 1-0

[Event "Augsburg op"]
[Site "Augsburg"]
[Date "2013.12.30"]
[Round "7"]
[White "Roser, Ludwig"]
[Black "Keymling, Detlev Juergen"]
[Result "0-1"]
[WhiteElo "1938"]
[BlackElo "1572"]
[PlyCount "68"]
[EventDate "2013.12.27"]
[EventType "swiss"]
[EventRounds "7"]
[EventCountry "GER"]
[SourceTitle "CBM 158 Extra"]
[Source "ChessBase"]
[SourceDate "2014.02.28"]
[SourceVersion "1"]
[SourceVersionDate "2014.02.28"]
[SourceQuality "1"]

1. d4 d5 2. Nf3 Bf5 3. e3 Nd7 4. Be2 Ngf6 5. Nh4 Be6 6. f4 Nb6 7. Nd2 Qd7 8. Ndf3 Ne4 9. Ne5 Qc8 10. 0-0 f6 11. Nd3 Bf7 12. f5 g6 13. g4 Bh6 14. Ng2 g5 15. Nc5 a5 16. b3 c6 17. Nxe4 dxe4 18. c4 Nd7 19. c5 Bg7 20. Qc2 h5 21. h3 e6 22. Qxe4 e5 23. Bc4 hxg4 24. hxg4 Bf8 25. Bb2 Qc7 26. Bxf7+ Kxf7 27. dxe5 Nxc5 28. Qc4+ Ke8 29. e4 b5 30. Qe2 Nd7 31. e6 Bc5+ 32. Ne3 Bxe3+ 33. Rf2 Qg3+ 34. Kf1 Rh1# 0-1

[Event "Augsburg op"]
[Site "Augsburg"]
[Date "2013.12.28"]
[Round "4"]
[White "Reimann, Matthias"]
[Black "Roser, Ludwig"]
[Result "1/2-1/2"]
[WhiteElo "1671"]
[BlackElo "1938"]
[PlyCount "77"]
[EventDate "2013.12.27"]
[EventType "swiss"]
[EventRounds "7"]
[EventCountry "GER"]
[SourceTitle "CBM 158 Extra"]
[Source "ChessBase"]
[SourceDate "2014.02.28"]
[SourceVersion "1"]
[SourceVersionDate "2014.02.28"]
[SourceQuality "1"]

1. c4 d6 2. d4 e5 3. e3 Be7 4. Nc3 Nf6 5. Nf3 Nc6 6. d5 Nb8 7. Qc2 0-0 8. Be2 a5 9. 0-0 Nbd7 10. e4 Nc5 11. Be3 b6 12. a3 a4 13. Nd2 Bd7 14. f4 exf4 15. Rxf4 Ne8 16. Bxc5 bxc5 17. Bd3 Bg5 18. Rff1 Be3+ 19. Kh1 g6 20. Rae1 Bd4 21. Nf3 Bg7 22. e5 dxe5 23. Nxe5 Nd6 24. Re2 Re8 25. Rfe1 Qh4 26. Nf3 Qh5 27. Rxe8+ Rxe8 28. Rxe8+ Bxe8 29. Nxa4 Bxa4 30. Qxa4 Bxb2 31. Qb3 Bd4 32. Qb8+ Kg7 33. a4 Nf5 34. Bxf5 Qxf5 35. Qb3 Qf4 36. Qc2 Qe3 37. h3 Bc3 38. Kh2 Qf4+ 39. Kh1 1/2-1/2

[Event "Augsburg op"]
[Site "Augsburg"]
[Date "2013.12.28"]
[Round "3"]
[White "Roser, Ludwig"]
[Black "Cajkovski, Zeljko"]
[Result "1/2-1/2"]
[WhiteElo "1938"]
[BlackElo "1751"]
[PlyCount "115"]
[EventDate "2013.12.27"]
[EventType "swiss"]
[EventRounds "7"]
[EventCountry "GER"]
[SourceTitle "CBM 158 Extra"]
[Source "ChessBase"]
[SourceDate "2014.02.28"]
[SourceVersion "1"]
[SourceVersionDate "2014.02.28"]
[SourceQuality "1"]

1. d4 e6 2. Nf3 d5 3. e3 Nf6 4. Bd3 c5 5. c3 Nc6 6. 0-0 Bd6 7. dxc5 Bxc5 8. Nbd2 0-0 9. e4 Qc7 10. Qe2 Bd6 11. Re1 Ng4 12. h3 Nge5 13. Bc2 Bd7 14. Nxe5 Nxe5 15. Nf3 f6 16. Nd4 a6 17. exd5 exd5 18. Bb3 Rae8 19. Bxd5+ Kh8 20. Be3 f5 21. f4 Ng6 22. g3 Re7 23. Qf3 Rfe8 24. Bf2 b5 25. Rxe7 Rxe7 26. Re1 b4 27. c4 Bc5 28. Rxe7 Nxe7 29. Nb3 Bxf2+ 30. Kxf2 a5 31. Qd3 a4 32. Nd2 Qd6 33. Ke3 Bc6 34. Bxc6 Qxc6 35. Qd8+ Ng8 36. Qd5 Qf6 37. Qe5 Qg6 38. Kf2 Nf6 39. Qb8+ Ng8 40. Qxb4 Qh5 41. Nf3 Qxh3 42. Qf8 h6 43. c5 Kh7 44. c6 Nf6 45. Qxf6 gxf6 46. c7 Qh1 47. c8Q Qb1 48. Qc3 Kg6 49. b3 Qxa2+ 50. Nd2 axb3 51. Qxb3 Qxd2+ 52. Kf3 Qd8 53. Kg2 Qa8+ 54. Kh2 Qe8 55. Qd3 Qe4 56. Qd8 Qe2+ 57. Kh3 Qf1+ 58. Kh2 1/2-1/2

[Event "Augsburg op"]
[Site "Augsburg"]
[Date "2013.12.27"]
[Round "1"]
[White "Roser, Ludwig"]
[Black "Lang, Ludwig"]
[Result "1-0"]
[WhiteElo "1938"]
[BlackElo "1391"]
[PlyCount "71"]
[EventDate "2013.12.27"]
[EventType "swiss"]
[EventRounds "7"]
[EventCountry "GER"]
[SourceTitle "CBM 158 Extra"]
[Source "ChessBase"]
[SourceDate "2014.02.28"]
[SourceVersion "1"]
[SourceVersionDate "2014.02.28"]
[SourceQuality "1"]

1. d4 Nf6 2. Nf3 d5 3. e3 Nc6 4. c4 e6 5. a3 Be7 6. Nc3 a6 7. c5 b6 8. cxb6 cxb6 9. Bd3 0-0 10. 0-0 Bb7 11. b3 Qd7 12. Bb2 b5 13. b4 h6 14. Bc2 Nb8 15. Ne5 Qe8 16. Qd3 Ne4 17. f3 Nf6 18. Rac1 g6 19. Bb1 Nbd7 20. Ne2 Nxe5 21. dxe5 Nd7 22. f4 f5 23. Rc7 Rb8 24. Rfc1 Bd8 25. R7c2 Nb6 26. Bd4 Qd7 27. Bc5 Re8 28. Ba2 Nc8 29. Qd4 Bb6 30. Bxb6 Nxb6 31. Qxb6 Rec8 32. Rc7 Qd8 33. Qxe6+ Kh8 34. Qf7 Rxc7 35. Rxc7 Qg8 36. Qf6+ 1-0